[Event "III Festival B"]
[Site "Verona ITA"]
[Date "1996.01.??"]
[Round "5"]
[White "La Spina, Marcello"]
[Black "Dai Campi, Danilo"]
[Result "1-0"]
[WhiteElo "1864"]
[BlackElo "1809"]
[PlyCount "71"]
[EventDate "1996.01.02"]

1. e4 d6 2. d4 Nf6 3. Nc3 g6 4. Nf3 Bg7 5. Be2 O-O 6. h3 e5 7. dxe5 dxe5 8.
Qxd8 Rxd8 9. Bg5 Re8 10. O-O-O c6 11. Bc4 b5 12. Bxf6 Bxf6 13. Nxb5 cxb5 14.
Bd5 Na6 15. Bxa8 Be6 16. Bd5 Nc5 17. Bxe6 Rxe6 18. Rhe1 Ra6 19. Kb1 Ra4 20. Nd2
Bg5 21. f3 Ne6 22. Nb3 Nf4 23. g3 Nxh3 24. Re2 Be7 25. Rd5 Ng1 26. Rf2 Nh3 27.
Rf1 a6 28. Rxe5 Bd6 29. Re8+ Kg7 30. e5 Bc7 31. e6 Bxg3 32. e7 Kf6 33. Nc5 Ng5
34. Nxa4 bxa4 35. Rd1 Ne6 36. Rd7 1-0

[Event "III Festival B"]
[Site "Verona ITA"]
[Date "1996.01.??"]
[Round "6"]
[White "La Spina, Marcello"]
[Black "Ravagnani, Tiziano"]
[Result "1/2-1/2"]
[WhiteElo "1864"]
[BlackElo "1842"]
[PlyCount "65"]
[EventDate "1996.01.02"]

1. e4 c5 2. c3 d5 3. exd5 Qxd5 4. d4 Nc6 5. Nf3 Bg4 6. Be2 e6 7. c4 Qd8 8. d5
exd5 9. cxd5 Bxf3 10. Bxf3 Nd4 11. Be3 Nxf3+ 12. Qxf3 Bd6 13. Nc3 Ne7 14. O-O
O-O 15. Rad1 f5 16. Bg5 h6 17. Bxe7 Qxe7 18. Rfe1 Qd7 19. Re6 a6 20. Qh5 Rae8
21. Qg6 Be5 22. Re1 Bxc3 23. bxc3 Rxe6 24. Qxe6+ Qxe6 25. Rxe6 Rd8 26. c4 b5
27. Rxa6 bxc4 28. g3 Rxd5 29. Ra3 Rd3 30. Ra4 Rd4 31. Ra5 Rd5 32. Ra4 c3 33.
Rc4 1/2-1/2

[Event "III Festival B"]
[Site "Verona ITA"]
[Date "1996.01.??"]
[Round "7"]
[White "Mora, Massimo"]
[Black "La Spina, Marcello"]
[Result "1/2-1/2"]
[WhiteElo "1798"]
[BlackElo "1864"]
[PlyCount "116"]
[EventDate "1996.01.02"]

1. d4 Nf6 2. c4 g6 3. Nc3 d5 4. Qb3 dxc4 5. Qxc4 Bg7 6. e4 a6 7. Bf4 b5 8. Qxc7
Qxc7 9. Bxc7 Bb7 10. f3 O-O 11. Nge2 e6 12. Rd1 Nbd7 13. Nc1 Rac8 14. Bd6 Rfe8
15. Nb3 h5 16. Bd3 h4 17. g4 Bh6 18. Ne2 e5 19. Kf2 exd4 20. Nbxd4 Ne5 21. Bxe5
Rxe5 22. Rhg1 Nd7 23. f4 Ree8 24. g5 Bf8 25. e5 Bc5 26. Rc1 Nb6 27. Rgd1 Red8
28. Bc2 Nd5 29. Ke1 Ne3 30. Rd3 Ng2+ 31. Kf1 Nxf4 32. Nxf4 Rxd4 33. Ne2 Rxd3
34. Bxd3 Be3 35. Rxc8+ Bxc8 36. Nc3 Bd4 37. Nd5 Kg7 38. b3 Bh3+ 39. Ke2 Bxe5
40. a4 bxa4 41. bxa4 a5 42. Be4 Bxh2 43. Ne3 Bd7 44. Nc4 Bc7 45. Nb2 Be5 46.
Nc4 Bxa4 47. Nxe5 Bb3 48. Kd2 a4 49. Ng4 a3 50. Kc3 a2 51. Kb2 Be6 52. Nf6 Kf8
53. Nd5 Bxd5 54. Bxd5 h3 55. Bxa2 h2 56. Bd5 Ke7 57. Kc3 f6 58. gxf6+ Kxf6
1/2-1/2

[Event "Torneo"]
[Site "Ruta - Camogli ITA"]
[Date "1996.??.??"]
[Round "?"]
[White "Franceschi, Riccardo"]
[Black "Albano, Marco"]
[Result "0-1"]
[WhiteElo "1836"]
[BlackElo "2230"]
[PlyCount "68"]
[EventDate "1996.??.??"]

1. e4 e5 2. Nf3 Nc6 3. d4 exd4 4. Bc4 Nf6 5. Ng5 d5 6. exd5 Qe7+ 7. Kf1 Ne5 8.
Bb5+ Bd7 9. Bxd7+ Qxd7 10. Qe2 Qe7 11. Bf4 Ned7 12. Qb5 Qb4 13. Qxb4 Bxb4 14.
c3 Nxd5 15. Bd2 Bc5 16. Ne4 dxc3 17. Nbxc3 Nxc3 18. Bxc3 O-O 19. Rd1 Rfe8 20.
Rxd7 Rxe4 21. Rxc7 Bb6 22. Rd7 Rae8 23. g3 R4e7 24. Rxe7 Rxe7 25. Kg2 Re2 26.
Rf1 h5 27. a4 Bc5 28. Kf3 Rc2 29. Kg2 b6 30. h4 a6 31. Kf3 b5 32. axb5 axb5 33.
Kg2 b4 34. Be5 f6 0-1

[Event "Torneo"]
[Site "Ruta - Camogli ITA"]
[Date "1996.??.??"]
[Round "?"]
[White "Golubovic, Boris"]
[Black "Albano, Marco"]
[Result "0-1"]
[WhiteElo "2385"]
[BlackElo "2230"]
[PlyCount "84"]
[EventDate "1996.??.??"]

1. e4 e5 2. Nf3 Nc6 3. Bb5 Nf6 4. O-O Bc5 5. Nxe5 Nxe5 6. d4 a6 7. Ba4 b5 8.
Bb3 Bxd4 9. Qxd4 d6 10. c3 O-O 11. f4 Ng6 12. e5 c5 13. Qxd6 Qxd6 14. exd6 Rd8
15. a4 bxa4 16. Rxa4 Rb8 17. Ra3 Bf5 18. Be3 Ne4 19. Nd2 Nxd2 20. Bxd2 Rxd6 21.
Be3 c4 22. Bxc4 Rxb2 23. Ra2 Rxa2 24. Bxa2 Rd3 25. Bd4 Rd2 26. Bd5 Be6 27. Be4
Bc4 28. Rb1 h5 29. Rb8+ Kh7 30. f5 Nf4 31. f6+ g6 32. Bf3 Ne2+ 33. Bxe2 Rxe2
34. Ra8 Rxg2+ 35. Kxg2 Bd5+ 36. Kf2 Bxa8 37. h4 g5 38. hxg5 Kg6 39. Be3 a5 40.
Ke2 h4 41. Bf4 Kf5 42. Bh2 Kxg5 0-1

[Event "Torneo"]
[Site "Ruta - Camogli ITA"]
[Date "1996.??.??"]
[Round "?"]
[White "La Rosa, Massimo"]
[Black "Albano, Marco"]
[Result "0-1"]
[WhiteElo "1900"]
[BlackElo "2230"]
[PlyCount "93"]
[EventDate "1996.??.??"]

1. e4 e5 2. Nf3 Nc6 3. Bb5 a6 4. Bxc6 dxc6 5. O-O Bg4 6. h3 h5 7. d3 Qf6 8. Re1
Ne7 9. Nbd2 Ng6 10. d4 Nf4 11. hxg4 hxg4 12. g3 gxf3 13. Qxf3 Ne6 14. dxe5 Qxe5
15. Qf5 Qc5 16. c3 g6 17. Qg4 O-O-O 18. Nb3 Qh5 19. Qxh5 Rxh5 20. Be3 Bg7 21.
Kg2 Rdh8 22. Rh1 b6 23. Rxh5 Rxh5 24. Rh1 Rxh1 25. Kxh1 a5 26. a3 c5 27. Kg2
Kd7 28. f4 Kc6 29. f5 gxf5 30. exf5 Nf8 31. Kf3 a4 32. Nd2 Nd7 33. Bf4 b5 34.
Ke4 b4 35. Kd3 Nb6 36. Nc4 bxc3 37. bxc3 Nd5 38. Ne5+ Bxe5 39. Bxe5 f6 40. Ke4
fxe5 41. c4 Nb6 42. Kxe5 Nxc4+ 43. Ke6 Nd6 44. g4 c4 45. g5 c3 46. g6 c2 47. g7
0-1

[Event "Torneo"]
[Site "Salsomaggiore Terme ITA"]
[Date "1996.??.??"]
[Round "?"]
[White "Albano, Marco"]
[Black "Micheli, Carlo"]
[Result "1-0"]
[WhiteElo "2230"]
[BlackElo "2295"]
[PlyCount "61"]
[EventDate "1996.??.??"]

1. e4 d6 2. d4 Nf6 3. Nc3 c6 4. Bd3 b5 5. Nge2 g6 6. O-O Bg7 7. Bg5 Nbd7 8. f4
a6 9. a3 h6 10. Bh4 e5 11. fxe5 dxe5 12. dxe5 Nxe5 13. Bxb5 Bd7 14. Bd3 g5 15.
Bf2 Qc7 16. Ng3 h5 17. Nf5 Bxf5 18. exf5 Nfg4 19. Bg3 Qb6+ 20. Kh1 O-O-O 21. f6
Nxd3 22. cxd3 Bxf6 23. Ne4 Ne3 24. Qf3 Nxf1 25. Qf5+ Rd7 26. Rxf1 Bd4 27. Nd6+
Kd8 28. Qxg5+ f6 29. Rxf6 Bxf6 30. Qxf6+ Re7 31. Qxh8+ 1-0

[Event "Torneo"]
[Site "Salsomaggiore Terme ITA"]
[Date "1996.??.??"]
[Round "?"]
[White "Sciortino, Massimo"]
[Black "Albano, Marco"]
[Result "0-1"]
[WhiteElo "1984"]
[BlackElo "2230"]
[PlyCount "58"]
[EventDate "1996.??.??"]

1. e4 e5 2. Nf3 Nc6 3. Bb5 Nf6 4. O-O Bc5 5. c3 O-O 6. d4 Bb6 7. Bg5 h6 8. Bh4
d6 9. Bxc6 bxc6 10. dxe5 dxe5 11. Qxd8 Rxd8 12. Nxe5 g5 13. Nxc6 Ba6 14. Nxd8
Rxd8 15. Bg3 Bxf1 16. Kxf1 Rd1+ 17. Ke2 Rg1 18. e5 Ne4 19. a4 a5 20. Kd3 Nxf2+
21. Bxf2 Bxf2 22. b4 Bb6 23. Kc2 Rxg2+ 24. Nd2 g4 25. bxa5 Bxa5 26. Rb1 Rxh2
27. Rb5 g3 28. Kd3 g2 29. Nf3 Rh3 0-1

[Event "Open Lega"]
[Site "Treviso ITA"]
[Date "1996.??.??"]
[Round "1"]
[White "Alburno, Franco"]
[Black "Paris, Giorgio"]
[Result "0-1"]
[WhiteElo "1516"]
[BlackElo "1626"]
[PlyCount "72"]
[EventDate "1996.??.??"]

1. e4 e5 2. Nf3 Nf6 3. Nc3 Bb4 4. d3 O-O 5. Bd2 d5 6. Bg5 dxe4 7. Bxf6 Qxf6 8.
dxe4 Rd8 9. Bd3 Bg4 10. O-O Bxc3 11. bxc3 Bxf3 12. Qxf3 Qxf3 13. gxf3 Nd7 14.
Kg2 Nc5 15. Rfd1 Rd6 16. Rd2 Rad8 17. Rad1 Na4 18. c4 Nb2 19. Rb1 Nxc4 20. Rdd1
b6 21. Kf1 Na3 22. Rbc1 Nb5 23. Ra1 Nd4 24. Kg2 Kf8 25. c3 Nxf3 26. Be2 Ng5 27.
f3 Rd2 28. Kf1 Ke7 29. Ke1 Rc2 30. Rdc1 Rdd2 31. Rxc2 Rxc2 32. c4 Ne6 33. Rd1
Rxa2 34. c5 Nd4 35. Rd2 Rxd2 36. Kxd2 Nxe2 0-1

[Event "Open Lega"]
[Site "Treviso ITA"]
[Date "1996.??.??"]
[Round "1"]
[White "Badiale, Riccardo"]
[Black "Baldi, Giancarlo"]
[Result "1-0"]
[WhiteElo "1695"]
[BlackElo "1597"]
[PlyCount "71"]
[EventDate "1996.??.??"]

1. d4 Nf6 2. c4 g6 3. Nc3 d5 4. cxd5 Nxd5 5. e4 Nxc3 6. bxc3 c5 7. Bc4 Bg7 8.
Ne2 Nc6 9. Be3 O-O 10. O-O cxd4 11. cxd4 Bg4 12. f3 Na5 13. Bxf7+ Rxf7 14. fxg4
Rxf1+ 15. Kxf1 Qd7 16. h3 e6 17. Rc1 Rd8 18. Qc2 Nc6 19. Qc4 a6 20. Rd1 Ne5 21.
Qb3 b5 22. Bg5 Rf8+ 23. Kg1 Nc4 24. Be3 h6 25. Bc1 Rd8 26. d5 Qa7+ 27. Kh1 exd5
28. exd5 Re8 29. Qf3 Rf8 30. Qe4 Qf2 31. d6 Nxd6 32. Rxd6 Qe1+ 33. Kh2 Rf1 34.
Qe6+ Kh7 35. Qxg6+ Kh8 36. Rd8+ 1-0

[Event "Open Lega"]
[Site "Treviso ITA"]
[Date "1996.??.??"]
[Round "1"]
[White "Buso, Giuseppe"]
[Black "Saponara, Nicola"]
[Result "0-1"]
[WhiteElo "1453"]
[BlackElo "1666"]
[PlyCount "52"]
[EventDate "1996.??.??"]

1. e4 c5 2. c3 e5 3. Nf3 Nc6 4. Be2 Nf6 5. d3 d5 6. exd5 Qxd5 7. O-O Bd6 8. c4
Qe6 9. Nc3 Nd4 10. Re1 Nxe2+ 11. Qxe2 O-O 12. Ng5 Qf5 13. Nge4 Nxe4 14. Nxe4
Be7 15. Be3 b6 16. Ng3 Qg6 17. Rad1 f5 18. Bc1 f4 19. Qf3 fxg3 20. Qxg3 Bg4 21.
Rd2 b5 22. Rc2 Rad8 23. cxb5 Rxd3 24. Be3 Rxe3 25. fxe3 Qxc2 26. Qxg4 Qf2+ 0-1

[Event "Open Lega"]
[Site "Treviso ITA"]
[Date "1996.??.??"]
[Round "1"]
[White "Chiodini, Pietro"]
[Black "Belloni, Umberto"]
[Result "1-0"]
[WhiteElo "1594"]
[BlackElo "1731"]
[PlyCount "56"]
[EventDate "1996.??.??"]

1. e4 e5 2. Nf3 d6 3. d4 exd4 4. Nxd4 Nf6 5. Nc3 Be7 6. Bc4 Nc6 7. O-O Ne5 8.
Bb3 Bd7 9. Qe2 c5 10. Nf5 Bxf5 11. exf5 O-O 12. f4 Nc6 13. g4 Nd4 14. Qg2 Nxb3
15. axb3 d5 16. g5 Ne4 17. f6 Bxf6 18. gxf6 Nxf6 19. Rd1 d4 20. Ne4 Nxe4 21.
Qxe4 Re8 22. Qf3 Qf6 23. Kh1 Qg6 24. f5 Qh6 25. Bd2 Re5 26. Rf1 Rae8 27. Rxa7
Re2 28. Qxe2 Qc6+ 1-0

[Event "Open Lega"]
[Site "Treviso ITA"]
[Date "1996.??.??"]
[Round "1"]
[White "Conz, Flavio"]
[Black "Aminta, Antonio"]
[Result "1-0"]
[WhiteElo "1597"]
[BlackElo "1663"]
[PlyCount "111"]
[EventDate "1996.??.??"]

1. c4 Nf6 2. Nc3 g6 3. d4 c5 4. d5 e6 5. e4 exd5 6. exd5 d6 7. Bg5 Qe7+ 8. Qe2
Qxe2+ 9. Bxe2 Bg7 10. Nb5 Ne4 11. Nc7+ Kd7 12. Nxa8 Nxg5 13. O-O-O b6 14. Bd3
f5 15. Re1 Bb7 16. Nc7 Ne4 17. Bxe4 fxe4 18. Ne6 Bh6+ 19. Kc2 b5 20. b3 Na6 21.
a3 Nc7 22. Nxc7 Kxc7 23. Rxe4 Kd7 24. Ne2 Re8 25. Kd3 Rxe4 26. Kxe4 bxc4 27.
bxc4 Ba6 28. Kd3 Bc8 29. g4 Kc7 30. Rg1 g5 31. Rg3 Bg7 32. f4 gxf4 33. Nxf4 Be5
34. Ke4 Bd7 35. Rh3 Bxg4 36. Rxh7+ Kb6 37. Nd3 Bd4 38. Rh6 Kc7 39. Nf4 Bb2 40.
Ne6+ Kb6 41. Nd8 a5 42. Rh7 Bxa3 43. Rb7+ Ka6 44. Rb3 Bc1 45. Nf7 a4 46. Rb1
Bd2 47. Nxd6 Bh5 48. Nf5 Ka5 49. Rb5+ Ka6 50. d6 Be8 51. Rxc5 Kb6 52. Kd4 a3
53. Rc8 Bd7 54. Ra8 Ba5 55. Ne3 a2 56. Nd5+ 1-0

[Event "Open Lega"]
[Site "Treviso ITA"]
[Date "1996.??.??"]
[Round "1"]
[White "Cosma, Bruno"]
[Black "Dal Maschio, Costantino"]
[Result "0-1"]
[WhiteElo "1680"]
[BlackElo "1639"]
[PlyCount "148"]
[EventDate "1996.??.??"]

1. Nf3 g6 2. d4 Bg7 3. Bf4 Nf6 4. h3 O-O 5. e3 c5 6. c3 Qb6 7. Qc1 d6 8. Be2
Bd7 9. a4 Nc6 10. O-O Rac8 11. Nbd2 Rfe8 12. Nc4 Qd8 13. dxc5 dxc5 14. Rd1 Na5
15. Qc2 Nxc4 16. Bxc4 Qa5 17. Ne5 Be6 18. Bxe6 fxe6 19. Qb3 Qb6 20. Qxb6 axb6
21. Nd7 Nd5 22. Be5 Red8 23. Bxg7 Rxd7 24. e4 Kxg7 25. exd5 exd5 26. Re1 Ra8
27. Re6 b5 28. a5 Ra6 29. Rb6 Rxb6 30. axb6 Rd6 31. Ra7 Rxb6 32. Kf1 b4 33. Ke2
Kf6 34. Ra5 bxc3 35. bxc3 Rc6 36. Rb5 b6 37. Rb1 Ke5 38. Kf3 Rf6+ 39. Ke3 d4+
40. cxd4+ cxd4+ 41. Ke2 Kd5 42. Rb5+ Kc4 43. Re5 d3+ 44. Ke3 Rd6 45. Kd2 e6 46.
Re4+ Kb3 47. Re5 Ka4 48. Re4+ Ka5 49. Rc4 b5 50. Rc7 h5 51. Ra7+ Kb6 52. Ra3
Kc5 53. Rc3+ Kb4 54. Rc1 Ka3 55. Rc5 b4 56. Ra5+ Kb3 57. Rb5 Kc4 58. Rb8 e5 59.
f3 Ra6 60. Rc8+ Kd5 61. Kxd3 Rb6 62. Rd8+ Ke6 63. Kc4 Kf5 64. Re8 Kf4 65. Kb3
Kg3 66. Rxe5 Kxg2 67. f4 Kxh3 68. f5 gxf5 69. Rxf5 Kg4 70. Rf8 h4 71. Rg8+ Kh3
72. Rg5 Kh2 73. Rg4 h3 74. Rg5 Kh1 0-1

[Event "Open Lega"]
[Site "Treviso ITA"]
[Date "1996.??.??"]
[Round "1"]
[White "Maccapan, Fabio"]
[Black "Abisso, Onofrio"]
[Result "1-0"]
[WhiteElo "1825"]
[BlackElo "1525"]
[PlyCount "49"]
[EventDate "1996.??.??"]

1. Nf3 Nc6 2. c4 Nf6 3. d4 e6 4. Nc3 Bb4 5. e3 O-O 6. Bd3 b6 7. O-O Bb7 8. e4
Ne8 9. e5 f6 10. Re1 f5 11. d5 Ne7 12. Qb3 Bxc3 13. bxc3 Ng6 14. Nd4 Qe7 15.
Ba3 Qg5 16. Bxf8 Nf4 17. g3 Nxd3 18. Re3 Nxe5 19. Rxe5 Kxf8 20. dxe6 Kg8 21.
exd7 Nf6 22. c5+ Kh8 23. Qf7 Ng8 24. Re8 Bd5 25. Qxd5 1-0

[Event "Open Lega"]
[Site "Treviso ITA"]
[Date "1996.??.??"]
[Round "1"]
[White "Moschini, Costantino"]
[Black "Rubinato, Cristian"]
[Result "0-1"]
[WhiteElo "1480"]
[BlackElo "1519"]
[PlyCount "80"]
[EventDate "1996.??.??"]

1. d4 e6 2. Nf3 f5 3. c3 Nf6 4. Bg5 Be7 5. Nbd2 b6 6. e3 Bb7 7. Bd3 O-O 8. Qe2
Ne4 9. Bxe7 Qxe7 10. h4 d6 11. O-O-O Nd7 12. Ng5 Nxg5 13. hxg5 Qxg5 14. Rh5
Qxg2 15. Rdh1 Qxh1+ 16. Rxh1 Bxh1 17. f3 Rf6 18. e4 fxe4 19. Nxe4 Rg6 20. Nf2
Rg1+ 21. Kc2 e5 22. Qe4 Bxf3 23. Qxf3 Rf8 24. Qd5+ Kh8 25. Ne4 a5 26. a4 Nf6
27. Nxf6 gxf6 28. Qe4 f5 29. Qh4 e4 30. Bc4 Rg2+ 31. Kb3 Rg7 32. Qf4 Rg6 33.
Bd5 Kg7 34. Kc4 Rg4 35. Qh2 Rc8 36. Qh5 Rf8 37. Be6 h6 38. Bxf5 Rg5 39. Qe2
Rfxf5 40. Qxe4 d5+ 0-1

[Event "Open Lega"]
[Site "Treviso ITA"]
[Date "1996.??.??"]
[Round "1"]
[White "Pastore, Mauro"]
[Black "De Bortoli, Peter"]
[Result "0-1"]
[WhiteElo "1654"]
[BlackElo "1831"]
[PlyCount "69"]
[EventDate "1996.??.??"]

1. d4 Nf6 2. c4 e6 3. Nc3 Bb4 4. Qc2 c5 5. dxc5 Nc6 6. Nf3 O-O 7. Bg5 Bxc5 8.
e3 b6 9. Be2 Bb7 10. O-O h6 11. Bxf6 Qxf6 12. Ne4 Qg6 13. Qb1 Be7 14. Ng3 f5
15. Rd1 Rad8 16. Rd2 Bf6 17. Qd1 Qf7 18. Nd4 Nxd4 19. exd4 Bg5 20. Rd3 f4 21.
Nh1 Be4 22. Ra3 d5 23. f3 Bf5 24. cxd5 Rxd5 25. Qa4 Bf6 26. Rd1 Rfd8 27. Qxa7
Bxd4+ 28. Kf1 Qh5 29. Rxd4 Rxd4 30. Nf2 Qxh2 31. Qxb6 h5 32. Qb3 h4 33. Bc4
Rxc4 34. Qxc4 h3 35. gxh3 0-1

[Event "Open Lega"]
[Site "Treviso ITA"]
[Date "1996.??.??"]
[Round "1"]
[White "Roberti, Ignazio"]
[Black "Danese, Aldo"]
[Result "0-1"]
[WhiteElo "1760"]
[BlackElo "1603"]
[PlyCount "90"]
[EventDate "1996.??.??"]

1. d4 Nf6 2. c4 g6 3. Nc3 Bg7 4. e4 O-O 5. Nf3 d6 6. Be2 b6 7. O-O Bb7 8. d5
Nbd7 9. Be3 c5 10. h3 Ne8 11. Qd2 Bc8 12. Bh6 Nc7 13. Bxg7 Kxg7 14. b3 a6 15.
Nd1 b5 16. Ne3 Nf6 17. e5 Nfe8 18. Ng4 Bxg4 19. hxg4 Qd7 20. Qf4 e6 21. Rfd1
exd5 22. cxd5 dxe5 23. Nxe5 Qd6 24. Qe3 Nf6 25. Bf3 Rae8 26. Re1 Nd7 27. Nxf7
Kxf7 28. Qc3 Rxe1+ 29. Rxe1 Qf6 30. Qd2 Kg7 31. d6 Ne6 32. Bd5 Ne5 33. f4 Nxf4
34. Rf1 Nh3+ 35. Kh2 Qxf1 36. Kxh3 Qf4 37. Qe2 h5 38. gxh5 gxh5 39. g3 Qf5+ 40.
Kg2 Qg5 41. d7 h4 42. d8=Q Rxd8 43. Qe4 Qxg3+ 44. Kh1 Rf8 45. Qe2 Rf2 0-1

[Event "Open Lega"]
[Site "Treviso ITA"]
[Date "1996.??.??"]
[Round "2"]
[White "Abisso, Onofrio"]
[Black "Carmen, Roberto"]
[Result "1-0"]
[WhiteElo "1525"]
[BlackElo "1600"]
[PlyCount "91"]
[EventDate "1996.??.??"]

1. e4 e5 2. f4 exf4 3. Nf3 g5 4. Bc4 Nc6 5. O-O Qe7 6. d3 d6 7. Nc3 Bg4 8. Nd5
Qd8 9. Qe1 Bg7 10. Nxg5 Ne5 11. Bxf4 Bh5 12. Bxe5 Bxe5 13. Nf3 c6 14. Ne3 Qe7
15. Nf5 Qf6 16. Nxe5 Qxe5 17. d4 Qf6 18. c3 Nh6 19. Ng3 Qg5 20. Nxh5 Qxh5 21.
Be2 Qg5 22. Qf2 O-O-O 23. d5 c5 24. b4 b6 25. bxc5 dxc5 26. Ba6+ Kb8 27. Qf4+
Qxf4 28. Rxf4 Rd6 29. Raf1 Rg8 30. Be2 Rdg6 31. g3 R8g7 32. Bh5 Rg5 33. Bxf7
Ng4 34. h4 Re5 35. R1f3 Kc7 36. Be6 Nh6 37. Rd3 Kd6 38. Rf6 Nf7 39. Bxf7+ Ke7
40. Re6+ Rxe6 41. dxe6 a6 42. Kg2 Rg6 43. Rd7+ Kf8 44. Bxg6 hxg6 45. Kf3 b5 46.
Kf4 1-0

[Event "Open Lega"]
[Site "Treviso ITA"]
[Date "1996.??.??"]
[Round "2"]
[White "Aminta, Antonio"]
[Black "Verducci, Gianni"]
[Result "1-0"]
[WhiteElo "1663"]
[BlackElo "1866"]
[PlyCount "95"]
[EventDate "1996.??.??"]

1. d4 d5 2. g3 Nf6 3. Nd2 Nc6 4. Ngf3 Bg4 5. Bg2 g6 6. O-O Bg7 7. c3 O-O 8. Re1
Qd7 9. Qb3 Rab8 10. Nf1 Ne4 11. Ne3 Be6 12. Nd2 f5 13. Nxe4 fxe4 14. f3 Na5 15.
Qc2 exf3 16. exf3 Rbd8 17. Qe2 Nc6 18. Nc2 Bf5 19. Ne3 e5 20. Nxf5 Rxf5 21. Bh3
Rdf8 22. dxe5 Nxe5 23. Bxf5 Qxf5 24. f4 Nf7 25. Qg2 Nd6 26. Be3 Ne4 27. Rad1 c5
28. Qf1 b6 29. a4 h5 30. Qg2 Kh7 31. Bf2 Re8 32. Qf3 a6 33. Kg2 Re6 34. h3 Rd6
35. g4 Qf7 36. Bh4 Bh6 37. f5 g5 38. Bg3 Rd7 39. Qd3 Nf6 40. Qf3 h4 41. Be5 Ne4
42. Qd3 Nf6 43. Bxf6 Qxf6 44. Re6 Qf7 45. f6+ Kg8 46. Rde1 Rd8 47. Qf5 Qc7 48.
Qg6+ 1-0

[Event "Open Lega"]
[Site "Treviso ITA"]
[Date "1996.??.??"]
[Round "2"]
[White "Baldi, Giancarlo"]
[Black "Alburno, Franco"]
[Result "1-0"]
[WhiteElo "1597"]
[BlackElo "1516"]
[PlyCount "83"]
[EventDate "1996.??.??"]

1. d4 d5 2. Nf3 e6 3. c3 Be7 4. e3 Nf6 5. Nbd2 c5 6. Bd3 Nbd7 7. O-O O-O 8. Qe2
Re8 9. Ne5 c4 10. Nxd7 Bxd7 11. Bc2 Bd6 12. e4 e5 13. exd5 exd4 14. Qxc4 Bxh2+
15. Kxh2 Ng4+ 16. Kg1 Qh4 17. Nf3 Qh5 18. Qxd4 Re7 19. Bd2 a5 20. Rae1 Rae8 21.
Rxe7 Rxe7 22. Re1 Rxe1+ 23. Bxe1 Nf6 24. c4 Ne8 25. Bxa5 Nd6 26. Bc3 f6 27. b3
Qh6 28. Bd2 Qh5 29. Qh4 Qxh4 30. Nxh4 h6 31. Ng6 Kf7 32. a4 f5 33. Nf4 g5 34.
Ne6 f4 35. c5 Nc8 36. Nd8+ Kf6 37. Bc3+ Ke7 38. Nxb7 Na7 39. c6 Nxc6 40. dxc6
Bxc6 41. Bb4+ Ke6 42. Nd8+ 1-0

[Event "Open Lega"]
[Site "Treviso ITA"]
[Date "1996.??.??"]
[Round "2"]
[White "Busi, Massimo"]
[Black "Maccapan, Fabio"]
[Result "1-0"]
[WhiteElo "1666"]
[BlackElo "1825"]
[PlyCount "43"]
[EventDate "1996.??.??"]

1. e4 e6 2. Nf3 c5 3. d4 cxd4 4. c3 dxc3 5. Nxc3 a6 6. Bc4 b5 7. Bb3 Bb7 8. O-O
d6 9. Qe2 Nd7 10. Rd1 Nc5 11. Bc2 Rc8 12. Bf4 Qc7 13. Rac1 e5 14. Nd5 Bxd5 15.
exd5 Ne7 16. Nxe5 dxe5 17. Bxe5 Qd7 18. d6 Qe6 19. Bb3 Qd7 20. dxe7 Qxe7 21.
Rd5 f6 22. Rcxc5 1-0

[Event "Open Lega"]
[Site "Treviso ITA"]
[Date "1996.??.??"]
[Round "2"]
[White "Cacco, Christian"]
[Black "Conz, Flavio"]
[Result "1-0"]
[WhiteElo "1687"]
[BlackElo "1597"]
[PlyCount "123"]
[EventDate "1996.??.??"]

1. d4 f5 2. c4 Nf6 3. Nc3 e6 4. Nf3 Be7 5. Qc2 O-O 6. g3 d6 7. Bg2 c6 8. O-O
Na6 9. a3 Nc7 10. e4 fxe4 11. Nxe4 Nxe4 12. Qxe4 Bf6 13. Bf4 d5 14. Qc2 Ne8 15.
Rfe1 Nd6 16. c5 Nf7 17. Ne5 Nxe5 18. Bxe5 Bxe5 19. Rxe5 Rf6 20. Rae1 Bd7 21.
Bh3 Qc8 22. Qe2 Rh6 23. Kg2 Qf8 24. Bxe6+ Bxe6 25. Rxe6 Rf6 26. f4 Rxe6 27.
Qxe6+ Qf7 28. Re5 Qxe6 29. Rxe6 Kf7 30. Re3 b6 31. cxb6 axb6 32. Rc3 Rc8 33. b4
Ke6 34. a4 Kd6 35. a5 bxa5 36. bxa5 Ra8 37. Rc5 Rb8 38. Rc2 Ra8 39. Ra2 Ra6 40.
Kf3 c5 41. dxc5+ Kxc5 42. Ke3 Kc4 43. Rc2+ Kb3 44. Rc5 Rh6 45. Rxd5 Rxh2 46.
Ke4 Re2+ 47. Kf5 Re7 48. Re5 Rf7+ 49. Ke6 Ra7 50. Kd6 Ra6+ 51. Kc7 Kb4 52. Kb7
Rxa5 53. Rxa5 Kxa5 54. Kc6 g6 55. Kd5 Kb6 56. Ke6 Kc6 57. Kf6 Kd6 58. Kg7 Ke6
59. Kxh7 Kf7 60. g4 Kf6 61. Kh6 Kf7 62. g5 1-0

[Event "Open Lega"]
[Site "Treviso ITA"]
[Date "1996.??.??"]
[Round "2"]
[White "Chiodini, Pietro"]
[Black "Bettio, Umberto"]
[Result "1/2-1/2"]
[WhiteElo "1594"]
[BlackElo "1806"]
[PlyCount "82"]
[EventDate "1996.??.??"]

1. e4 e5 2. Nf3 Nc6 3. c3 d5 4. Qa4 Qd6 5. exd5 Qxd5 6. Bc4 Qe4+ 7. Kd1 Be6 8.
Bb5 Qxa4+ 9. Bxa4 Bd6 10. Ke2 Nge7 11. Re1 Bg4 12. h3 Bh5 13. g4 Bg6 14. Nh4
O-O-O 15. Nxg6 hxg6 16. Rh1 Rh4 17. Kf3 Rdh8 18. Kg2 f5 19. Bxc6 Nxc6 20. gxf5
gxf5 21. d3 R4h5 22. Nd2 g5 23. Nc4 g4 24. h4 Rxh4 25. Bg5 Rxh1 26. Rxh1 Rxh1
27. Kxh1 Kd7 28. Kg2 Ke6 29. f3 gxf3+ 30. Kxf3 b5 31. Nxd6 cxd6 32. Bh6 d5 33.
Bf8 e4+ 34. Ke3 Ne5 35. dxe4 fxe4 36. b3 Ng4+ 37. Ke2 Kf5 38. Bd6 a6 39. b4 Ne5
40. Bf8 Nc4 41. Bh6 41... Ne5 {...} 1/2-1/2

[Event "Open Lega"]
[Site "Treviso ITA"]
[Date "1996.??.??"]
[Round "2"]
[White "Danese, Aldo"]
[Black "Pomaro, Stefano"]
[Result "0-1"]
[WhiteElo "1603"]
[BlackElo "1634"]
[PlyCount "58"]
[EventDate "1996.??.??"]

1. Nc3 d5 2. e4 c6 3. Be2 dxe4 4. Nxe4 Nf6 5. Ng3 e5 6. b3 Be6 7. Bb2 Nbd7 8.
c4 Bc5 9. Nf3 Ng4 10. Ne4 Qb6 11. Nxc5 Nxc5 12. O-O f6 13. d3 O-O-O 14. Qc2 Nh6
15. Rad1 g5 16. d4 exd4 17. Bxd4 Bf5 18. Qb2 Rhe8 19. Bxf6 Rxd1 20. Bxd1 Nd3
21. Qc3 Ng4 22. Bd4 c5 23. Bf6 Nxf6 24. Nxg5 Qd8 25. Bf3 Ne4 26. Nxe4 Bxe4 27.
Bg4+ Kb8 28. Bh3 Qg5 29. g3 Nf4 0-1

[Event "Open Lega"]
[Site "Treviso ITA"]
[Date "1996.??.??"]
[Round "2"]
[White "Liubich, Fabrizio"]
[Black "De Bortoli, Peter"]
[Result "1/2-1/2"]
[WhiteElo "1456"]
[BlackElo "1831"]
[PlyCount "48"]
[EventDate "1996.??.??"]

1. d4 d5 2. c4 dxc4 3. Nc3 c5 4. e3 cxd4 5. Bxc4 dxc3 6. Bxf7+ Kxf7 7. Qxd8
cxb2 8. Bxb2 Nc6 9. Qc7 Nf6 10. Nf3 Nd5 11. Qg3 e6 12. O-O h6 13. Rfd1 Rg8 14.
Ne5+ Nxe5 15. Qxe5 g5 16. Rxd5 exd5 17. Qxd5+ Be6 18. Qxb7+ Be7 19. Qf3+ Kg6
20. Qe4+ Kf7 21. Qf3+ Kg6 22. Qe4+ Kf7 23. Qh7+ Ke8 24. Qe4 Kf7 1/2-1/2

[Event "Open Lega"]
[Site "Treviso ITA"]
[Date "1996.??.??"]
[Round "2"]
[White "Paris, Giorgio"]
[Black "Badiale, Riccardo"]
[Result "1/2-1/2"]
[WhiteElo "1626"]
[BlackElo "1695"]
[PlyCount "85"]
[EventDate "1996.??.??"]

1. e4 c5 2. Nf3 Nc6 3. d4 cxd4 4. Nxd4 g6 5. Be3 Bg7 6. Nc3 Nf6 7. Bc4 Qa5 8.
f3 Qb4 9. Bb3 Nxe4 10. fxe4 Bxd4 11. Bxd4 Qxd4 12. Qd3 O-O 13. O-O-O Qxd3 14.
Rxd3 d6 15. Nd5 Rb8 16. Rf1 Be6 17. Rc3 Bxd5 18. Bxd5 Rbc8 19. Rcf3 e6 20. Bxc6
bxc6 21. Ra3 Rc7 22. Ra6 d5 23. Re1 Rb8 24. c3 Rb6 25. Ra4 f6 26. Kc2 Kf7 27.
b3 Rb5 28. e5 f5 29. Re3 g5 30. g3 c5 31. c4 dxc4 32. Rxc4 Rd7 33. Ra4 Rb4 34.
Ra5 Rbd4 35. Re2 c4 36. b4 R4d5 37. Ra6 Rc7 38. a4 Ke7 39. b5 Kd7 40. Rd2 Rxd2+
41. Kxd2 Ke7 42. Kc3 h5 43. b6 1/2-1/2